000
00301nam a22001337a 4500
008
181015b xxu||||| |||| 00| 0 eng d
020
_a
9780155021419
041
_a
eng
080
_2
8 ed
_a
572
100
_a
24
101
_a
ANT
245
_a
Cultural Antropology
_c
Haviland
942
_2
udc
_c
BK
999
_c
49773
_d
49773